Simposio internacional de Arte Rupestre : Barcelona, 1966 / edición por E. Ripoll Perelló Barcelona, 1966 / edición por E. Ripoll Perelló
Publicado:
Barcelona :
Diputación Provincial de Barcelona. Instituto de Prehistoria y Arqueología ,
1968
Descripción Física:
XXVIII, 308 p. : il., [2] map. pleg. ; 27 cm
Otros Autores:
Ripoll i Perelló, Eduard, 1923-2006
MARC
| LEADER | 00000nam a2200000Ia 4500 | ||
|---|---|---|---|
| 001 | 1712 | ||
| 008 | 160829s1968 xx 000 0 cat d | ||
| 080 | |a B-1-70 | ||
| 111 | |a Simposio Internacional de Arte Rupestre |d (1966 : |c Barcelona, Catalunya) |9 54217 | ||
| 245 | |a Simposio internacional de Arte Rupestre : |b Barcelona, 1966 / edición por E. Ripoll Perelló | ||
| 260 | |a Barcelona : |b Diputación Provincial de Barcelona. Instituto de Prehistoria y Arqueología, |c 1968 | ||
| 300 | |a XXVIII, 308 p. : |b il., [2] map. pleg. ; |c 27 cm | ||
| 590 | |a Bibliografia. | ||
| 590 | |a Textos en castellà, francès, italià i anglès | ||
| 650 | |a Pintura rupestre |x Congressos |9 34057 | ||
| 650 | |a Art prehistòric |x Congressos |9 34058 | ||
| 700 | 1 | |a Ripoll i Perelló, Eduard, |d 1923-2006 |e editor literari |9 20913 | |
| 710 | 2 | |a Instituto de Prehistoria y Arqueología (Barcelona, Catalunya) |9 54255 | |
| 901 | |a Arxiu | ||
| 942 | |n 1 |2 udc | ||
| 952 | |0 0 |1 0 |4 0 |6 B170 |7 1 |9 46368 |a Arxiu |b Arxiu |d 2016-12-01 |l 0 |o B-1-70 |p 1712 |r 2016-12-01 00:00:00 |w 2016-12-01 |y ARXIU | ||
| 999 | |c 50153 |d 50153 | ||